• 首页
  • 本馆介绍
  • 公告通知
  • 最新文献
  • 馆藏检索
  • 电子资源
  • 读者导购
  • 参考咨询
  • 我的图书馆
  • 登录
  • 详细信息显示
  • 放入我的书架
  • 预约/预借图书
  • 作者相关作品
  • 分类相关作品
  • 丛书相关作品
  • 出版社相关作品

书目信息

  • 表格格式
  • 工作单格式
  • 卡片格式
题名:
工农考古基础知识
    
 
作者: ;吉林大学历史系考古专业 , 河北省文物管理处 编
分册:  
出版信息: 北京   文物出版社  1978
页数: 233页
开本: 26cm
丛书名:
单 册:
中图分类: K85
科图分类:
主题词: 考古学--基本知识
电子资源:
ISBN:
000 00686nam0 2200217 45
001 0178000911
005 20060804154252.53
010    @dCNY1.20
100    @a19950911d1978 em y0chiy0121 ea
101 0  @achi
102    @aCN@b110000
105    @ay z 000yy
200 10 @a工农考古基础知识@Agong nong kao gu ji chu zhi shi@f吉林大学历史系考古专业,河北省文物管理处编
210    @a北京@c文物出版社@d1978
215    @a233页@d26cm
606    @a考古学@x基本知识
690    @aK85@v3
711 02 @a吉林大学历史系考古专业@Aji lin da xue li shi xi kao gu zhuan ye@4编
711 02 @a河北省文物管理处@A he bei sheng wen wu guan li chu@4编
801  0 @aCN@bTSSF@c20060804
905    @a10447@dK85@e22
    
    工农考古基础知识/吉林大学历史系考古专业,河北省文物管理处编.-北京:文物出版社,1978
    233页;26cm
    
    
    ISBN :CNY1.20
    
●
相关链接 在E读中查询图书 在五车中查询图书 在当当中查询图书 在豆瓣中查询图书


正题名:工农考古基础知识     索取号:K85/22         预约/预借

序号 登录号 条形码 馆藏地/架位号 状态 备注
1 0444607   204446073   密集书库/ [索取号:K85/22] 在馆    
唐山师范学院图书馆 欢迎您!
大连网信软件有限公司© 版权所有